000 00252 a2200097 4500
001 63342
090 _c37386
_d37386
100 _aAyres, Frank Jr
245 _aTheory and Problems of Differential and Integral Calculus
260 _aN.Y
_bShaum's Series McGraw Hill
942 _aNUST-CAE
999 _c298415
_d298415